Visualizzazione normale
Vista MARC
- Paoli Gino
di Personal Name
Records bibliografici associati: 1
001 - CONTROL NUMBER
- control field: 25241
003 - CONTROL NUMBER IDENTIFIER
- control field: IT-RoPau
005 - DATE AND TIME OF LATEST TRANSACTION
- control field: 20140516121709.0
008 - FIXED-LENGTH DATA ELEMENTS
- fixed length control field: 140516|| aca||aabn | a|a d
040 ## - CATALOGING SOURCE
- Original cataloging agency: IT-RoPau
- Transcribing agency: IT-RoPau
100 ## - HEADING--PERSONAL NAME
- Personal name: Paoli Gino
- Miscellaneous information: Codice autore SPICS: 11057
- Relator term: Autore
- Name of part/section of a work: Sei di mattino
670 ## - SOURCE DATA FOUND
- Source citation: Work cat.: (IT-RoPau)100101: AA.VV. 794, Snack Bar Budapest (Original Movie Soundtrack)-Lp 837-551